000
00202 a2200097 4500
001
18377
100
_a
Forsythe, A.I
245
_a
Computers science
260
_a
_b
John wiley
_c
090
_c
13637
_d
13637
942
_a
NUST-CAE
_c
M
_c
4044
999
_c
253450
_d
253450